Star Trek Races (clickable) Quiz Stats

 Plays Quiz not verified by Sporcle

Also try: Men With Cats
Challenge
Share
Tweet
Embed
Score 0/28 Timer 06:00
0 Plays Today
% Correct
Romulan
93.3%
Borg
92.1%
Cardassian
90.9%
Klingon
88.1%
Andorian
85.9%
Trill
81.6%
Jem'Hadar
81.3%
Tellarite
80%
Bolian
78.7%
El-Aurian
78.6%
Changling
78.2%
Kazon
78%
Vulcan
77.5%
Betazoid
75.6%
% Correct
Bajoran
74.8%
Xindi
74.2%
Tribble
73.3%
Breen
65.1%
Gorn
64.2%
Reman
63.4%
Orion
60.3%
Sheliak
57.7%
Benzite
55.9%
Horta
53.7%
Iconian
52.6%
Sphere Builder
51%
Kelvan
37.6%
Tak Tak
35.1%

You're not logged in!

Compare scores with friends on all Sporcle quizzes.
OR
Log In

You Might Also Like...

Show Comments

Extras

Top Quizzes Today


Score Distribution

Your Account Isn't Verified!

In order to create a playlist on Sporcle, you need to verify the email address you used during registration. Go to your Sporcle Settings to finish the process.

Report this User

Report this user for behavior that violates our Community Guidelines.

Details: